The global education toolkit for elementary learners
Guardat en:
| Autor principal: | |
|---|---|
| Format: | Llibre |
| Idioma: | anglès |
| Publicat: |
Corwin Press
2014
|
| Etiquetes: |
Afegir etiqueta
Sense etiquetes, Sigues el primer a etiquetar aquest registre!
|
MARC
| LEADER | 00000nam a22000007a 4500 | ||
|---|---|---|---|
| 008 | 210128b ||||| |||| 00| 0 eng d | ||
| 020 | |a 978-1-4833-4418-8 | ||
| 100 | |a TAVANGAR, Homa Sabet. | ||
| 245 | |a The global education toolkit for elementary learners |c Homa Sabet Tavangar, Becky Mladic-Morales |g xvi, 229p.; ill. | ||
| 260 | |b Corwin Press |c 2014 |h Thousand Oaks, California |i 692451 |i 692452 |l LB1555 .T19 |m Education, Elementary. |m Creative activities and seat work. |m Teaching aids and devices. | ||
| 942 | |a lcc |c BK |e YUNUSA, A.A. |f 28/01/2021 | ||
| 952 | |0 0 |1 0 |2 lcc |4 0 |6 LB1555 T19 |7 0 |9 1972 |a HOL |b ED |c LP |d 2021-01-28 |l 0 |o LB1555 .T19 |p 2021-5833 |r 2021-01-28 00:00:00 |w 2021-01-28 |y BK | ||
| 952 | |0 0 |1 0 |2 lcc |4 0 |6 LB1555 T19 |7 0 |9 1973 |a HOL |b HOL |c LP |d 2021-01-28 |l 0 |o LB1555 .T19 |p 2021-5834 |r 2021-01-28 00:00:00 |w 2021-01-28 |y BK | ||
| 999 | |c 1033 |d 1033 | ||